| 000 | 02442 a2200277 4500 | ||
|---|---|---|---|
| 008 | 090601t xxu||||| |||| 00| 0 hin d | ||
| 010 | _aB-299976-980 | ||
| 020 |
_a8189407139 _c150.00 |
||
| 035 | _aB-299976-980 | ||
| 037 | _bहिन्दी विश्व भारती | ||
| 040 |
_adpl _bHIN |
||
| 082 | _a920 | ||
| 100 | _aचन्द्रविजय सिंह | ||
| 245 |
_aभारत के निर्माता / _cचन्द्रविजय सिंह एवं मंजू आर्या |
||
| 260 |
_aदिल्ली _bहिन्दी विश्व भारती _c2007 |
||
| 270 |
_aबी-1634, जहांगीरपुरी _bदिल्ली _e110033 _cदिल्ली |
||
| 300 |
_a160पृ _c22सेमी (सजिल्द) |
||
| 700 | _aआर्या, मंजू | ||
| 942 |
_adpl _cHN _k / चन्द्रवि _2ddc _h920 _mचन्द्रवि |
||
| 999 |
_c13008 _d13008 |
||